000 01354njm a22003017a 4500
005 20100913100347.0
007 sd ammalaaahaa
008 100913t xxu||||| |||| 00| 0 hin d
028 _aTAE. 1071
_bODEON
035 _aGR-03208
040 _aSED/VEN
100 _919606
_aMohd. Rafi
245 _aPyaar ka sagar /
_cby Mohd. Rafi & Asha Bhosle ; music by Ravi ; lyric by Prem Dhawan
_h[sound recording] :
246 _aप्यार का सागर (मोहमद. रफ़ी और आशा भोसले)
260 _aDum Dum, India
_bODEON
_cn. d.
300 _a1 sound disc [Gramophone record] :
_banalog, 45 rpm
_c7 in.
_fGramophone record
500 _aBrief record.
500 _aODEON
500 _aBlack
500 _aExtended Play
505 _aPart 1 Mujhe pyar ki zindagi dene wale (Pyaar ka sagar) (Mohd. Rafi) मुझे प्यार की ज़िन्दगी देने वाले , Part 2 Haal dil ka sunaye to kaise (Asha Bhosle) हाल दिल का सुनाये तो कैसे
650 _aClassical music
_xExcerpts
_zIndia
_919607
_vFilmi song
700 _920331
_aBhosle, Asha
700 _aRavi
_920563
700 _aDhawan, Prem
_920581
942 _2ddc
_cGR
999 _c46594
_d46594